[Event "Mitropa Cup 27th"]
[Site "Olbia"]
[Date "2008.05.26"]
[Round "2.4"]
[White "Plat, Vojtech"]
[Black "Huschenbeth, Niclas"]
[Result "1/2-1/2"]
[WhiteElo "2332"]
[BlackElo "2453"]
[PlyCount "92"]
[EventDate "2008.05.25"]
[EventType "team-tourn"]
[EventRounds "9"]
[EventCountry "ITA"]
[Source "ChessBase"]
[SourceDate "2008.07.03"]
[WhiteTeam "Czech Republic"]
[BlackTeam "Germany"]
[WhiteTeamCountry "CZE"]
[BlackTeamCountry "GER"]

1. e4 e5 2. Nf3 Nc6 3. Bb5 a6 4. Ba4 Nf6 5. d4 exd4 6. O-O Be7 7. Re1 O-O 8. e5
Ne8 9. Nxd4 Nxd4 10. Qxd4 d5 11. c3 Bf5 12. Bf4 c5 13. Qd1 Nc7 14. Bc2 Bxc2 15.
Qxc2 Ne6 16. Bg3 d4 17. Rd1 b5 18. Qe4 Qb6 19. cxd4 cxd4 20. Nd2 Rfd8 21. Rac1
Nc5 22. Qf3 Na4 23. Nb3 Nxb2 24. Rxd4 Nc4 25. Bf4 Rac8 26. Rcd1 Nb2 27. Rxd8+
Rxd8 28. Rd5 Rxd5 29. Qxd5 Qd8 30. Qxd8+ Bxd8 31. Kf1 Nd3 32. Bg3 Nb4 33. Nc1
Kf8 34. Ke2 Bb6 35. e6 Ke7 36. exf7 Kxf7 37. Be5 g6 38. Bc3 Nd5 39. Bd2 Ke6 40.
f3 Bg1 41. h3 Nb6 42. Kd3 Nc4 43. Ne2 Bb6 44. Bc3 Bc7 45. Ke4 Nd6+ 46. Kd3 Nc4
1/2-1/2

[Event "Mitropa Cup 27th"]
[Site "Olbia"]
[Date "2008.05.26"]
[Round "2.1"]
[White "Le Roux, Jean Pierre"]
[Black "Caruana, Fabiano"]
[Result "0-1"]
[WhiteElo "2482"]
[BlackElo "2620"]
[PlyCount "68"]
[EventDate "2008.05.25"]
[EventType "team-tourn"]
[EventRounds "9"]
[EventCountry "ITA"]
[Source "ChessBase"]
[SourceDate "2008.07.03"]
[WhiteTeam "France"]
[BlackTeam "Italy"]
[WhiteTeamCountry "FRA"]
[BlackTeamCountry "ITA"]

1. d4 d5 2. Nf3 Nf6 3. c4 c6 4. Nc3 e6 5. Bg5 h6 6. Bxf6 Qxf6 7. e3 Nd7 8. Rc1
g6 9. Bd3 dxc4 10. Bxc4 Bg7 11. O-O O-O 12. b4 Qe7 13. Qb3 b6 14. b5 c5 15. d5
Ne5 16. Nxe5 Bxe5 17. Rcd1 Bxc3 18. Qxc3 exd5 19. Rxd5 Bb7 20. Qe5 Qh4 21. Rd7
Qxc4 22. Rxb7 Qxb5 23. Qf6 Qc4 24. h4 Qxa2 25. Rd1 Rae8 26. h5 Qe6 27. Qf4 g5
28. Qc7 Rc8 29. Qg3 Rfd8 30. Rxd8+ Rxd8 31. Rxa7 Qd6 32. Qh3 c4 33. e4 b5 34.
g3 Qc5 0-1

[Event "Mitropa Cup 27th"]
[Site "Olbia"]
[Date "2008.05.26"]
[Round "2.2"]
[White "Garcia Palermo, Carlos H"]
[Black "Benitah, Yohan"]
[Result "1/2-1/2"]
[WhiteElo "2465"]
[BlackElo "2425"]
[PlyCount "81"]
[EventDate "2008.05.25"]
[EventType "team-tourn"]
[EventRounds "9"]
[EventCountry "ITA"]
[Source "ChessBase"]
[SourceDate "2008.07.03"]
[WhiteTeam "Italy"]
[BlackTeam "France"]
[WhiteTeamCountry "ITA"]
[BlackTeamCountry "FRA"]

1. d4 d5 2. Nf3 Nf6 3. c4 c6 4. e3 Bf5 5. Bd3 Bxd3 6. Qxd3 e6 7. Nc3 Bb4 8. O-O
Nbd7 9. Bd2 a5 10. a3 Be7 11. b4 dxc4 12. Qxc4 O-O 13. Rab1 axb4 14. axb4 Nb6
15. Qe2 Nbd5 16. b5 c5 17. Rfd1 cxd4 18. Nxd4 Nxc3 19. Bxc3 Qb6 20. Nb3 Rfc8
21. Bd4 Qc7 22. Rbc1 Qb8 23. b6 Rxc1 24. Rxc1 e5 25. Bc5 Bxc5 26. Nxc5 Qd6 27.
Qb2 Qd5 28. h3 h6 29. Nxb7 Qxb7 30. Rc7 Qa6 31. b7 Rb8 32. Qb3 Kh7 33. Qxf7 Ne8
34. Re7 Qg6 35. Qc4 Nd6 36. Qb4 Ne8 37. Qb5 Nd6 38. Qb2 Qe4 39. Qb6 Qg6 40. Rd7
Nf5 41. Qc7 1/2-1/2

[Event "Mitropa Cup 27th"]
[Site "Olbia"]
[Date "2008.05.26"]
[Round "2.3"]
[White "Vitoux, Colomban"]
[Black "Bellini, Fabio"]
[Result "1-0"]
[WhiteElo "2445"]
[BlackElo "2518"]
[PlyCount "70"]
[EventDate "2008.05.25"]
[EventType "team-tourn"]
[EventRounds "9"]
[EventCountry "ITA"]
[Source "ChessBase"]
[SourceDate "2008.07.03"]
[WhiteTeam "France"]
[BlackTeam "Italy"]
[WhiteTeamCountry "FRA"]
[BlackTeamCountry "ITA"]

1. e4 e5 2. Nf3 d6 3. d4 Nd7 4. Bc4 c6 5. Nc3 Be7 6. a4 Ngf6 7. O-O O-O 8. Re1
a5 9. b3 exd4 10. Nxd4 Nb6 11. Bf1 d5 12. e5 Ne8 13. Nce2 g6 14. Ng3 Ng7 15.
Bh6 Bg5 16. Bxg5 Qxg5 17. c4 Be6 18. Qc2 Nd7 19. Nf3 Qe7 20. Qc3 f5 21. Ne2
dxc4 22. bxc4 Nc5 23. Qa3 Rfd8 24. Nf4 Rd7 25. Rad1 Rad8 26. Rxd7 Rxd7 27. h4
Ne4 28. Qc1 Qc5 29. Re3 Bf7 30. Bd3 Ne6 31. Nxe6 Bxe6 32. Bxe4 fxe4 33. Rxe4
Bd5 34. e6 Re7 35. Qg5 Qd6 1-0

[Event "Mitropa Cup 27th"]
[Site "Olbia"]
[Date "2008.05.26"]
[Round "2.4"]
[White "Borgo, Giulio"]
[Black "Monroy, Charles"]
[Result "1-0"]
[WhiteElo "2453"]
[BlackElo "2399"]
[PlyCount "69"]
[EventDate "2008.05.25"]
[EventType "team-tourn"]
[EventRounds "9"]
[EventCountry "ITA"]
[Source "ChessBase"]
[SourceDate "2008.07.03"]
[WhiteTeam "Italy"]
[BlackTeam "France"]
[WhiteTeamCountry "ITA"]
[BlackTeamCountry "FRA"]

1. Nf3 d6 2. d4 Bg4 3. e4 Nf6 4. h3 Bh5 5. Nc3 e6 6. g4 Bg6 7. Qe2 a6 8. h4 h5
9. g5 Nfd7 10. d5 e5 11. Be3 c6 12. O-O-O cxd5 13. exd5 Be7 14. Bh3 b5 15. Rhe1
O-O 16. Nd2 b4 17. Na4 Qc7 18. Nc4 Re8 19. b3 a5 20. Kb1 Bf8 21. Qd2 Ra6 22.
Bf1 Bf5 23. f3 g6 24. Bf2 Bg7 25. Ne3 Ra8 26. Nxf5 gxf5 27. Bd3 f4 28. Bb5 Rd8
29. Qd3 Nc5 30. Bxc5 dxc5 31. d6 Qa7 32. g6 Nd7 33. gxf7+ Kf8 34. Qg6 Nf6 35.
d7 1-0

[Event "Mitropa Cup 27th"]
[Site "Olbia"]
[Date "2008.05.26"]
[Round "2.1"]
[White "Markos, Jan"]
[Black "Lenic, Luka"]
[Result "1/2-1/2"]
[WhiteElo "2565"]
[BlackElo "2584"]
[PlyCount "90"]
[EventDate "2008.05.25"]
[EventType "team-tourn"]
[EventRounds "9"]
[EventCountry "ITA"]
[Source "ChessBase"]
[SourceDate "2008.07.03"]
[WhiteTeam "Slovakia"]
[BlackTeam "Slovenia"]
[WhiteTeamCountry "SVK"]
[BlackTeamCountry "SVK"]

1. d4 Nf6 2. c4 e6 3. Nc3 Bb4 4. Qc2 O-O 5. e4 d5 6. e5 Ne4 7. a3 Bxc3+ 8. bxc3
c5 9. Bb2 cxd4 10. cxd4 Qa5+ 11. Ke2 f5 12. f3 Ng5 13. Qd2 Qd8 14. h4 Nf7 15.
cxd5 exd5 16. Kf2 Nc6 17. Bc3 Qb6 18. Qb2 Qxb2+ 19. Bxb2 Nfd8 20. Ne2 Ne6 21.
Nc3 Rd8 22. Nb5 a6 23. Nd6 Nexd4 24. Rd1 Nb5 25. Bxb5 axb5 26. Rxd5 b4 27. Ra1
bxa3 28. Rxa3 Rxa3 29. Bxa3 Be6 30. Rb5 Ra8 31. Bb2 Nd8 32. Nxb7 Rb8 33. Nd6
Rxb5 34. Nxb5 Bd5 35. Nd6 f4 36. Bc1 Ne6 37. Nb5 Kf7 38. Nc3 Bc4 39. Ne2 Bxe2
40. Kxe2 Kg6 41. Kd3 Kf5 42. Bb2 h5 43. Kc4 g5 44. hxg5 Nxg5 45. Kd5 Ne6
1/2-1/2

[Event "Mitropa Cup 27th"]
[Site "Olbia"]
[Date "2008.05.26"]
[Round "2.2"]
[White "Borisek, Jure"]
[Black "Vavrak, Peter"]
[Result "1/2-1/2"]
[WhiteElo "2522"]
[BlackElo "2466"]
[PlyCount "79"]
[EventDate "2008.05.25"]
[EventType "team-tourn"]
[EventRounds "9"]
[EventCountry "ITA"]
[Source "ChessBase"]
[SourceDate "2008.07.03"]
[WhiteTeam "Slovenia"]
[BlackTeam "Slovakia"]
[WhiteTeamCountry "SVK"]
[BlackTeamCountry "SVK"]

1. e4 e6 2. d4 d5 3. Nd2 Be7 4. Ngf3 Nf6 5. e5 Nfd7 6. Bd3 c5 7. c3 Nc6 8. O-O
g5 9. dxc5 Ndxe5 10. Bb5 Bd7 11. b4 Bf6 12. Nb3 Ng6 13. Nfd4 e5 14. Ne2 a6 15.
Ba4 Bg4 16. Na5 Qd7 17. c4 dxc4 18. f3 Be6 19. Qxd7+ Kxd7 20. Nxb7 Kc7 21. Bxc6
Kxc6 22. Na5+ Kc7 23. Bb2 Rhd8 24. Ng3 Rab8 25. a3 Be7 26. Bc3 Rd3 27. Rfc1 f5
28. Nh5 g4 29. Ng7 Bf7 30. Nxf5 Bg5 31. fxg4 Bxc1 32. Rxc1 Re8 33. Nd6 Re7 34.
Nxf7 Rxf7 35. Nxc4 Rf4 36. Nb2 Rd5 37. h3 Re4 38. g3 Re2 39. Kf1 Rh2 40. Kg1
1/2-1/2

[Event "Mitropa Cup 27th"]
[Site "Olbia"]
[Date "2008.05.26"]
[Round "2.3"]
[White "Macak, Stefan"]
[Black "Sebenik, Matej"]
[Result "1/2-1/2"]
[WhiteElo "2342"]
[BlackElo "2502"]
[PlyCount "86"]
[EventDate "2008.05.25"]
[EventType "team-tourn"]
[EventRounds "9"]
[EventCountry "ITA"]
[Source "ChessBase"]
[SourceDate "2008.07.03"]
[WhiteTeam "Slovakia"]
[BlackTeam "Slovenia"]
[WhiteTeamCountry "SVK"]
[BlackTeamCountry "SVK"]

1. e4 c5 2. Nf3 Nc6 3. Nc3 Nf6 4. d4 cxd4 5. Nxd4 e5 6. Ndb5 d6 7. Bg5 a6 8.
Na3 b5 9. Bxf6 gxf6 10. Nd5 Bg7 11. Bd3 Ne7 12. Nxe7 Qxe7 13. c4 f5 14. O-O O-O
15. Qf3 d5 16. cxd5 fxe4 17. Bxe4 Rb8 18. Rad1 Qd7 19. d6 Rb6 20. Qd3 Rd8 21.
Bxh7+ Kh8 22. Qe3 Rxd6 23. Rxd6 Qxd6 24. Bc2 f5 25. Nb1 b4 26. Qe2 Qc6 27. Rd1
Rxd1+ 28. Qxd1 Bh6 29. h4 Kg7 30. Nd2 Qd5 31. Nb3 Qxd1+ 32. Bxd1 Kf6 33. Be2
Be6 34. Bxa6 Bxb3 35. axb3 Bc1 36. g3 e4 37. Kg2 Bxb2 38. Bc8 Bc1 39. g4 fxg4
40. Bxg4 Ke5 41. Be2 Kf4 42. h5 Kg5 43. Kg3 Bf4+ 1/2-1/2

[Event "Mitropa Cup 27th"]
[Site "Olbia"]
[Date "2008.05.26"]
[Round "2.4"]
[White "Skoberne, Jure"]
[Black "Smolen, Jan"]
[Result "1/2-1/2"]
[WhiteElo "2492"]
[BlackElo "2445"]
[PlyCount "123"]
[EventDate "2008.05.25"]
[EventType "team-tourn"]
[EventRounds "9"]
[EventCountry "ITA"]
[Source "ChessBase"]
[SourceDate "2008.07.03"]
[WhiteTeam "Slovenia"]
[BlackTeam "Slovakia"]
[WhiteTeamCountry "SVK"]
[BlackTeamCountry "SVK"]

1. c4 e5 2. Nc3 Nc6 3. g3 g6 4. Bg2 Bg7 5. Rb1 Nf6 6. d3 O-O 7. e4 d6 8. Nge2
Nh5 9. O-O f5 10. exf5 Bxf5 11. h3 Nf6 12. Kh2 Qd7 13. b4 Rae8 14. Ne4 Nd8 15.
b5 Nxe4 16. dxe4 Be6 17. Qd3 Qe7 18. Nc3 Rf7 19. Be3 Qf8 20. f3 Bh6 21. Bg1 Bc8
22. Rb4 Ne6 23. Ra4 a6 24. Nd5 axb5 25. cxb5 Nc5 26. Bxc5 dxc5 27. Ra7 Rd8 28.
Qc3 c6 29. Nb6 cxb5 30. Qb3 Qe8 31. Rd1 Rxd1 32. Qxd1 Qc6 33. Nxc8 Qxc8 34. Qd5
c4 35. h4 Qb8 36. Ra3 Bf8 37. Rc3 Qe8 38. Bh3 Kg7 39. Be6 Rf6 40. Bd7 Qa8 41.
Rc2 Qa4 42. Rg2 c3 43. Qxe5 Qd1 44. Bxb5 Qxf3 45. Qd4 Kh6 46. e5 Rf7 47. Bc4
Rc7 48. Bb3 Bc5 49. Qd8 Qc6 50. Qg5+ Kg7 51. h5 h6 52. Qd8 Rc8 53. Qd3 Rf8 54.
Bd5 Rd8 55. e6 Qxd5 56. Qxg6+ Kh8 57. Qxh6+ Kg8 58. Qg6+ Kh8 59. Qf6+ Kh7 60.
Qf7+ Kh8 61. Qf6+ Kh7 62. Qf7+ 1/2-1/2

[Event "Mitropa Cup 27th"]
[Site "Olbia"]
[Date "2008.05.27"]
[Round "3.1"]
[White "Haba, Petr"]
[Black "Neubauer, Martin"]
[Result "0-1"]
[WhiteElo "2544"]
[BlackElo "2446"]
[PlyCount "111"]
[EventDate "2008.05.25"]
[EventType "team-tourn"]
[EventRounds "9"]
[EventCountry "ITA"]
[Source "ChessBase"]
[SourceDate "2008.07.03"]
[WhiteTeam "Czech Republic"]
[BlackTeam "Austria"]
[WhiteTeamCountry "CZE"]
[BlackTeamCountry "AUT"]

1. d4 Nf6 2. c4 g6 3. f3 Nc6 4. d5 Ne5 5. e4 d6 6. Ne2 c6 7. Nec3 Bg7 8. Be2
Qb6 9. Na4 Qc7 10. O-O O-O 11. dxc6 bxc6 12. c5 d5 13. exd5 Nxd5 14. Bd2 Bf5
15. g4 Bd3 16. Nbc3 Rad8 17. f4 Nxc3 18. Bxc3 Bf5 19. Bxe5 Bxe5 20. Qc1 Bd4+
21. Kg2 Be4+ 22. Bf3 Bxf3+ 23. Rxf3 Qa5 24. Nc3 Qxc5 25. Ne2 Qb5 26. Qc2 Qxb2
27. Rc1 Qb5 28. a4 Qb4 29. Qxc6 Bb6 30. Qc4 Qa5 31. f5 Rd2 32. Rc2 Rxc2 33.
Qxc2 Rd8 34. Qe4 Qc5 35. Kh3 Qd5 36. Qf4 Bc7 37. Qe3 Rb8 38. Nf4 Qd6 39. Qd3
Rb4 40. Qxd6 Bxd6 41. f6 exf6 42. Nd5 Rd4 43. Nxf6+ Kf8 44. Rf2 Be7 45. Nxh7+
Kg7 46. g5 Rxa4 47. Kg3 Ra6 48. Kg4 Re6 49. Nf6 Bxf6 50. gxf6+ Rxf6 51. Rd2 a6
52. Rd5 Kh6 53. h4 Re6 54. Kg3 f5 55. Rd3 Kh5 56. Kh3 0-1

[Event "Mitropa Cup 27th"]
[Site "Olbia"]
[Date "2008.05.27"]
[Round "3.2"]
[White "Pilaj, Herwig"]
[Black "Simacek, Pavel"]
[Result "0-1"]
[WhiteElo "2389"]
[BlackElo "2461"]
[PlyCount "76"]
[EventDate "2008.05.25"]
[EventType "team-tourn"]
[EventRounds "9"]
[EventCountry "ITA"]
[Source "ChessBase"]
[SourceDate "2008.07.03"]
[WhiteTeam "Austria"]
[BlackTeam "Czech Republic"]
[WhiteTeamCountry "AUT"]
[BlackTeamCountry "CZE"]

1. d4 Nf6 2. c4 c5 3. d5 e6 4. Nc3 exd5 5. cxd5 d6 6. e4 g6 7. Nf3 a6 8. a4 Bg4
9. Be2 Bxf3 10. Bxf3 Bg7 11. O-O O-O 12. Bf4 Ne8 13. Re1 Nd7 14. Be2 Rb8 15.
Bf1 Qe7 16. Qd2 Nc7 17. Bg5 Bf6 18. Bxf6 Qxf6 19. f4 Rfe8 20. Rad1 Qg7 21. g3
b5 22. axb5 Nxb5 23. Bxb5 axb5 24. b4 cxb4 25. Na2 b3 26. Nb4 Ra8 27. Qd3 Nc5
28. Qf3 Ra4 29. Nc6 Raxe4 30. Rxe4 Rxe4 31. f5 Qf6 32. Rf1 Qxf5 33. Qc3 Qxd5
34. Qf6 Qe6 35. Qd8+ Kg7 36. Qa5 Re2 37. Qc3+ Kg8 38. Rf3 b2 0-1

[Event "Mitropa Cup 27th"]
[Site "Olbia"]
[Date "2008.05.27"]
[Round "3.3"]
[White "Zilka, Stepan"]
[Black "Kreisl, Robert"]
[Result "1-0"]
[WhiteElo "2472"]
[BlackElo "2322"]
[PlyCount "85"]
[EventDate "2008.05.25"]
[EventType "team-tourn"]
[EventRounds "9"]
[EventCountry "ITA"]
[Source "ChessBase"]
[SourceDate "2008.07.03"]
[WhiteTeam "Czech Republic"]
[BlackTeam "Austria"]
[WhiteTeamCountry "CZE"]
[BlackTeamCountry "AUT"]

1. e4 c5 2. c3 Nf6 3. e5 Nd5 4. d4 cxd4 5. Nf3 Nc6 6. cxd4 d6 7. exd6 Qxd6 8.
Nc3 Bg4 9. Be2 e6 10. O-O Be7 11. Ne4 Qb4 12. a3 Qb6 13. Nc3 Rd8 14. Be3 O-O
15. Nxd5 exd5 16. Qd2 Bf6 17. Rad1 Rfe8 18. h3 Bxf3 19. Bxf3 Ne7 20. Qd3 g6 21.
g4 Nc6 22. b4 a6 23. Rd2 Rd6 24. Rfd1 Qd8 25. b5 axb5 26. Qxb5 Rd7 27. Re2 Re6
28. a4 Bg5 29. Bxg5 Qxg5 30. a5 Qf6 31. Kg2 Rxe2 32. Qxe2 Kg7 33. Qb5 Qd6 34.
Qb6 Qb4 35. Qxb4 Nxb4 36. Rb1 Nc6 37. Rb5 Ne7 38. Bd1 Kf8 39. Ba4 Rc7 40. Bb3
Rd7 41. Kf3 h6 42. Ke3 Ke8 43. a6 1-0

[Event "Mitropa Cup 27th"]
[Site "Olbia"]
[Date "2008.05.27"]
[Round "3.4"]
[White "Schachinger, Mario"]
[Black "Plat, Vojtech"]
[Result "1/2-1/2"]
[WhiteElo "2308"]
[BlackElo "2332"]
[PlyCount "84"]
[EventDate "2008.05.25"]
[EventType "team-tourn"]
[EventRounds "9"]
[EventCountry "ITA"]
[Source "ChessBase"]
[SourceDate "2008.07.03"]
[WhiteTeam "Austria"]
[BlackTeam "Czech Republic"]
[WhiteTeamCountry "AUT"]
[BlackTeamCountry "CZE"]

1. e4 Nf6 2. e5 Nd5 3. d4 d6 4. c4 Nb6 5. exd6 cxd6 6. Nc3 g6 7. Be3 Bg7 8. Rc1
O-O 9. b3 N8d7 10. g3 Nf6 11. h3 Nbd7 12. Bg2 Rb8 13. Nge2 b6 14. O-O Bb7 15.
d5 a6 16. Nd4 Qc7 17. Qd2 Rfe8 18. Bh6 e6 19. Bxg7 Kxg7 20. f4 e5 21. Nc6 Rbc8
22. f5 h6 23. fxg6 fxg6 24. Rf2 Rf8 25. g4 Nh7 26. Rcf1 Rxf2 27. Rxf2 Rf8 28.
Rxf8 Ndxf8 29. Ne4 Nd7 30. h4 Bxc6 31. dxc6 Qxc6 32. Qxd6 Qxd6 33. Nxd6 Nhf6
34. Bf3 Kf8 35. Kf2 Ke7 36. Ne4 Nxe4+ 37. Bxe4 g5 38. hxg5 hxg5 39. Ke3 Nf6 40.
Bf5 Kd6 41. b4 Kc6 42. Be4+ Kd6 1/2-1/2

[Event "Mitropa Cup 27th"]
[Site "Olbia"]
[Date "2008.05.27"]
[Round "3.1"]
[White "Saric, Ante"]
[Black "Baramidze, David"]
[Result "1/2-1/2"]
[WhiteElo "2505"]
[BlackElo "2583"]
[PlyCount "55"]
[EventDate "2008.05.25"]
[EventType "team-tourn"]
[EventRounds "9"]
[EventCountry "ITA"]
[Source "ChessBase"]
[SourceDate "2008.07.03"]
[WhiteTeam "Croatia"]
[BlackTeam "Germany"]
[WhiteTeamCountry "CRO"]
[BlackTeamCountry "GER"]

1. Nf3 d5 2. d4 Nf6 3. c4 c6 4. e3 a6 5. Bd3 e6 6. O-O dxc4 7. Bxc4 c5 8. a4
Nc6 9. Nc3 Be7 10. Qe2 O-O 11. Rd1 Qc7 12. dxc5 Bxc5 13. h3 b6 14. e4 Ne5 15.
Nxe5 Qxe5 16. Be3 Bb7 17. Bxc5 bxc5 18. Rd2 a5 19. Rad1 h6 20. Qe3 g5 21. f3
Rfc8 22. Kf2 Nh5 23. Ne2 Bc6 24. b3 Nf4 25. Qc3 Ng6 26. Qe3 Qh2 27. Kf1 Qh1+
28. Kf2 1/2-1/2

[Event "Mitropa Cup 27th"]
[Site "Olbia"]
[Date "2008.05.27"]
[Round "3.2"]
[White "Braun, Arik"]
[Black "Bosiocic, Marin"]
[Result "0-1"]
[WhiteElo "2529"]
[BlackElo "2503"]
[PlyCount "82"]
[EventDate "2008.05.25"]
[EventType "team-tourn"]
[EventRounds "9"]
[EventCountry "ITA"]
[Source "ChessBase"]
[SourceDate "2008.07.03"]
[WhiteTeam "Germany"]
[BlackTeam "Croatia"]
[WhiteTeamCountry "GER"]
[BlackTeamCountry "CRO"]

1. Nf3 Nf6 2. c4 e6 3. Nc3 Bb4 4. Qc2 O-O 5. a3 Bxc3 6. Qxc3 c5 7. e3 b6 8. b4
d6 9. Bb2 Bb7 10. Be2 Nbd7 11. O-O Qe7 12. d3 a5 13. b5 e5 14. Rae1 Rfe8 15. e4
Nf8 16. g3 Ne6 17. Bd1 Nd7 18. Nh4 Nd4 19. f4 exf4 20. Rxf4 Ne5 21. Qd2 Bc8 22.
Ng2 Qg5 23. Bxd4 cxd4 24. Rf2 Qxd2 25. Rxd2 g5 26. h4 h6 27. Kh2 f5 28. Rf1 Rf8
29. Be2 fxe4 30. Rxf8+ Kxf8 31. dxe4 d3 32. Bd1 Bb7 33. Rf2+ Kg7 34. Ne3 Bxe4
35. hxg5 hxg5 36. Nf5+ Bxf5 37. Rxf5 Kg6 38. Rf2 Rc8 39. Rd2 Rxc4 40. Kg2 Kf5
41. Kf2 Ke4 0-1

[Event "Mitropa Cup 27th"]
[Site "Olbia"]
[Date "2008.05.27"]
[Round "3.3"]
[White "Saric, Ivan"]
[Black "Naumann, Alexander"]
[Result "1/2-1/2"]
[WhiteElo "2500"]
[BlackElo "2523"]
[PlyCount "65"]
[EventDate "2008.05.25"]
[EventType "team-tourn"]
[EventRounds "9"]
[EventCountry "ITA"]
[Source "ChessBase"]
[SourceDate "2008.07.03"]
[WhiteTeam "Croatia"]
[BlackTeam "Germany"]
[WhiteTeamCountry "CRO"]
[BlackTeamCountry "GER"]

1. e4 c5 2. Nf3 d6 3. d4 cxd4 4. Nxd4 Nf6 5. Nc3 a6 6. Be3 e6 7. f3 b5 8. g4 h6
9. Qd2 b4 10. Nce2 e5 11. Nb3 a5 12. Rd1 a4 13. Nbc1 d5 14. exd5 Ra5 15. c4
bxc3 16. Nxc3 Bb4 17. Bc4 Ba6 18. a3 Bxc3 19. Qxc3 O-O 20. d6 e4 21. O-O exf3
22. Rxf3 Nxg4 23. Rg3 h5 24. Bxa6 Rxa6 25. Bc5 Rc6 26. h3 Nd7 27. b4 axb3 28.
Nxb3 Nge5 29. Qe3 Re8 30. Bb4 h4 31. Rg2 Ng6 32. Qf2 Re4 33. Nd4 1/2-1/2

[Event "Mitropa Cup 27th"]
[Site "Olbia"]
[Date "2008.05.27"]
[Round "3.4"]
[White "Huschenbeth, Niclas"]
[Black "Doric, Darko"]
[Result "0-1"]
[WhiteElo "2453"]
[BlackElo "2448"]
[PlyCount "104"]
[EventDate "2008.05.25"]
[EventType "team-tourn"]
[EventRounds "9"]
[EventCountry "ITA"]
[Source "ChessBase"]
[SourceDate "2008.07.03"]
[WhiteTeam "Germany"]
[BlackTeam "Croatia"]
[WhiteTeamCountry "GER"]
[BlackTeamCountry "CRO"]

1. e4 c6 2. d4 d5 3. Nc3 dxe4 4. Nxe4 Bf5 5. Ng3 Bg6 6. h4 h6 7. Nf3 Nd7 8. h5
Bh7 9. Bd3 Bxd3 10. Qxd3 e6 11. Bd2 Ngf6 12. O-O-O Be7 13. Kb1 c5 14. dxc5 Nxc5
15. Qe2 Qc7 16. Bc3 O-O 17. Be5 Qb6 18. Nd2 Rfd8 19. f3 Rac8 20. Ngf1 Ncd7 21.
Bg3 Nd5 22. Nb3 Nc5 23. Ne3 Nxe3 24. Qxe3 Qb5 25. Be5 Na4 26. f4 Nb6 27. Qg3
Rxd1+ 28. Rxd1 f6 29. Bd4 Qxh5 30. Qd3 Rd8 31. Re1 Kf7 32. Qe3 Qg4 33. Bxb6
Rd1+ 34. Rxd1 Qxd1+ 35. Nc1 axb6 36. Qxb6 Qd5 37. Qf2 Bc5 38. Qe2 g5 39. Nd3
Bd6 40. c4 Qd4 41. Qf3 b6 42. fxg5 hxg5 43. b3 g4 44. Qe2 e5 45. Nf2 f5 46. Qd1
Qxf2 47. Qxd6 Qg1+ 48. Kb2 Qd4+ 49. Qxd4 exd4 50. Kc2 f4 51. Kd3 g3 52. Ke4 d3
0-1

[Event "Mitropa Cup 27th"]
[Site "Olbia"]
[Date "2008.05.27"]
[Round "3.1"]
[White "Lenic, Luka"]
[Black "Le Roux, Jean Pierre"]
[Result "1-0"]
[WhiteElo "2584"]
[BlackElo "2482"]
[PlyCount "113"]
[EventDate "2008.05.25"]
[EventType "team-tourn"]
[EventRounds "9"]
[EventCountry "ITA"]
[Source "ChessBase"]
[SourceDate "2008.07.03"]
[WhiteTeam "Slovenia"]
[BlackTeam "France"]
[WhiteTeamCountry "SVK"]
[BlackTeamCountry "FRA"]

1. d4 Nf6 2. c4 g6 3. Nf3 Bg7 4. b4 O-O 5. e3 d6 6. Bb2 c5 7. a3 Bg4 8. Be2 Nc6
9. d5 Bxf3 10. gxf3 Ne5 11. Qb3 b5 12. cxb5 c4 13. Qd1 Qd7 14. O-O Qh3 15. Bxe5
dxe5 16. Nc3 Rfd8 17. Rc1 e6 18. d6 e4 19. fxe4 Ne8 20. d7 Nf6 21. Bf3 Nxd7 22.
Bg2 Qh4 23. Qf3 Ne5 24. Qg3 Qxg3 25. hxg3 Rd3 26. Rc2 Rad8 27. Rfc1 g5 28. Bf1
g4 29. Be2 Rd2 30. a4 Bf8 31. Na2 Nf3+ 32. Kf1 c3 33. a5 Rxc2 34. Rxc2 Nd2+ 35.
Ke1 Nxe4 36. Bxg4 Rb8 37. Bf3 Nd6 38. b6 axb6 39. a6 Nb5 40. Bc6 Na7 41. Bb7
Nb5 42. Ke2 Bg7 43. Nc1 Kf8 44. Nb3 Ke7 45. Ra2 Rd8 46. Be4 Na7 47. g4 h6 48.
b5 Rd7 49. Na5 Kd6 50. Nc6 Kc5 51. Bd3 Rc7 52. Kd1 f5 53. gxf5 exf5 54. Nxa7
Rxa7 55. Ra4 Be5 56. Rc4+ Kd5 57. Rc6 1-0

[Event "Mitropa Cup 27th"]
[Site "Olbia"]
[Date "2008.05.27"]
[Round "3.3"]
[White "Sebenik, Matej"]
[Black "Vitoux, Colomban"]
[Result "0-1"]
[WhiteElo "2502"]
[BlackElo "2445"]
[PlyCount "116"]
[EventDate "2008.05.25"]
[EventType "team-tourn"]
[EventRounds "9"]
[EventCountry "ITA"]
[Source "ChessBase"]
[SourceDate "2008.07.03"]
[WhiteTeam "Slovenia"]
[BlackTeam "France"]
[WhiteTeamCountry "SVK"]
[BlackTeamCountry "FRA"]

1. d4 Nf6 2. Nf3 g6 3. g3 Bg7 4. Bg2 O-O 5. O-O d5 6. c4 c6 7. Qb3 dxc4 8. Qxc4
Na6 9. Nc3 Qa5 10. e4 b5 11. Qe2 b4 12. Nb1 Nc7 13. Rd1 Qh5 14. Nbd2 e5 15. Nc4
exd4 16. e5 Nfd5 17. Rxd4 Qf5 18. Nd6 Qe6 19. Nxc8 Raxc8 20. Re4 c5 21. Ng5 Qb6
22. Rh4 Rce8 23. f4 h6 24. Ne4 f5 25. Nf2 g5 26. Rh3 g4 27. Rh4 Rd8 28. Qc4 Qb5
29. Bf1 Qxc4 30. Bxc4 Kh7 31. h3 gxh3 32. Nxh3 Nb6 33. Be2 Kg8 34. Be3 Ne6 35.
a3 Nd4 36. Bxd4 Rxd4 37. axb4 Rxb4 38. Ra2 Rd8 39. Kf1 Rd2 40. Ng1 Rbxb2 41.
Rxa7 c4 42. Rc7 Nd5 43. Rc8+ Kh7 44. Rh2 c3 45. Ke1 Rb1+ 46. Kf2 c2 47. Nf3
c1=Q 48. Rxc1 Rxe2+ 49. Kxe2 Rxc1 50. Nd4 Rc4 51. Kd3 Rc3+ 52. Kd2 Rxg3 53.
Nxf5 Rf3 54. Rg2 Bf8 55. Rg4 Nxf4 56. Nh4 Bb4+ 57. Kc2 Rf2+ 58. Kb3 Be7 0-1

[Event "Mitropa Cup 27th"]
[Site "Olbia"]
[Date "2008.05.27"]
[Round "3.4"]
[White "Monroy, Charles"]
[Black "Skoberne, Jure"]
[Result "0-1"]
[WhiteElo "2399"]
[BlackElo "2492"]
[PlyCount "94"]
[EventDate "2008.05.25"]
[EventType "team-tourn"]
[EventRounds "9"]
[EventCountry "ITA"]
[Source "ChessBase"]
[SourceDate "2008.07.03"]
[WhiteTeam "France"]
[BlackTeam "Slovenia"]
[WhiteTeamCountry "FRA"]
[BlackTeamCountry "SVK"]

1. Nf3 g6 2. d4 Nf6 3. Bg5 Bg7 4. Nbd2 d5 5. e3 O-O 6. Bd3 c5 7. c3 Nbd7 8. O-O
Re8 9. e4 dxe4 10. Nxe4 Nxe4 11. Bxe4 cxd4 12. Nxd4 Nc5 13. Bf3 Qd7 14. Nb3 Qf5
15. Be3 Na4 16. Qe2 a6 17. Rad1 Rb8 18. Ba7 Ra8 19. Be3 Rb8 20. Rd2 Qe5 21. Qc4
b5 22. Qb4 Qc7 23. Rfd1 Be5 24. g3 Be6 25. Qa5 Qxa5 26. Nxa5 Nxb2 27. Rxb2 Bxc3
28. Rb3 Bxa5 29. Ra3 Bb6 30. Bf4 Rbd8 31. Rxd8 Rxd8 32. Rxa6 Bd4 33. a3 Bd7 34.
Bb7 Kg7 35. Bc7 Re8 36. Ra5 e5 37. Kg2 h5 38. h4 Re7 39. Ra8 Re6 40. Rb8 Bc6+
41. Bxc6 Rxc6 42. Ba5 Rc2 43. Be1 Rb2 44. Kf1 Kf6 45. Rb7 Ke6 46. f3 Rb3 47.
Kg2 Bc5 0-1